000 00452nam a2200145Ia 4500
008 100122s9999 xx 000 0 und d
082 _b22528
_a823
100 _aशेळके उध्दव ज
245 _aलेडिज होस्टेल
260 _bअनुपम प्रकाशन
_c1975
300 _a245
630 _aलेडिज होस्टेल
730 _aलेडिज होस्टेल
942 _cBOOK
999 _c410335
_d410332